000 00495nam a2200157Ia 4500
008 210716s2003 xx 000 0 und d
020 _a817373952
041 _aeng
082 _a004.65 SREP
100 _aSreekanth, P V.
245 _aDigital microwave communication systems: with selected topics in mobile communications.
_bWith selected topics in mobile communications.
250 _a1
260 _aNew Delhi
_bUniversities Press
_c2003
300 _axi,558
650 _aComputer Networks
999 _c186413
_d186413